| 000 | 00373nam a2200133Ia 4500 | ||
|---|---|---|---|
| 008 | 231017s9999 xx 000 0 und d | ||
| 082 | _a363.1256/WHO | ||
| 082 | _bWHO | ||
| 245 | 0 | _aUnited Nations Road Safety Collaboration: A Handbook of Partner Profiles | |
| 245 | 0 | _cWorld Health Organization | |
| 260 | _bWorld Health Organization | ||
| 300 | _c30cm | ||
| 942 | _cREP | ||
| 999 |
_c603692 _d603692 |
||